Occupational inclinations of tribal women in Meghalaya (Record no. 8346)

MARC details
000 -LEADER
fixed length control field 00869 a2200229 4500
003 - CONTROL NUMBER IDENTIFIER
control field GBCCL
005 - DATE AND TIME OF LATEST TRANSACTION
control field 20241126110648.0
008 - FIXED-LENGTH DATA ELEMENTS--GENERAL INFORMATION
fixed length control field 200210b ||||| |||| 00| 0 eng d
020 ## - INTERNATIONAL STANDARD BOOK NUMBER
International Standard Book Number 9788180697708
020 ## - INTERNATIONAL STANDARD BOOK NUMBER
International Standard Book Number 8180697703
040 ## - CATALOGING SOURCE
Transcribing agency gbc
082 ## - DEWEY DECIMAL CLASSIFICATION NUMBER
Classification number 338.90082
-- 338.900820954164
Item number SAT
100 ## - MAIN ENTRY--PERSONAL NAME
Personal name Satya, Y
9 (RLIN) 14553
245 ## - TITLE STATEMENT
Title Occupational inclinations of tribal women in Meghalaya
260 ## - PUBLICATION, DISTRIBUTION, ETC.
Place of publication, distribution, etc. New Delhi :
Name of publisher, distributor, etc. Concept Publishing Company,
Date of publication, distribution, etc. 2012.
300 ## - PHYSICAL DESCRIPTION
Extent 238 pages : illustrations (chiefly color), maps ;
Other physical details 23 cm
505 ## - FORMATTED CONTENTS NOTE
Formatted contents note <br/>Study on Khasi, Garo, and Jaintia women of Megahalaya.
650 ## - SUBJECT ADDED ENTRY--TOPICAL TERM
Topical term or geographic name entry element Women, Khasi -- India -- Meghalaya -- Economic conditions.
9 (RLIN) 14554
650 ## - SUBJECT ADDED ENTRY--TOPICAL TERM
Topical term or geographic name entry element Women, Garo -- India -- Meghalaya -- Economic conditions.
9 (RLIN) 14555
650 ## - SUBJECT ADDED ENTRY--TOPICAL TERM
Topical term or geographic name entry element Women, Jaintia -- India -- Meghalaya -- Economic conditions
9 (RLIN) 14556
942 ## - ADDED ENTRY ELEMENTS (KOHA)
Source of classification or shelving scheme Dewey Decimal Classification
Koha item type Books
Holdings
Withdrawn status Lost status Source of classification or shelving scheme Damaged status Not for loan Home library Current Library Shelving location Date acquired Source of acquisition Cost, normal purchase price Total checkouts Full call number Barcode Date last seen Date last checked out Copy number Cost, replacement price Price effective from Koha item type
    Dewey Decimal Classification     GRACE BIBLE COLLEGE GRACE BIBLE COLLEGE North East Collection 2020-02-24 10 311.25 1 338.90082 SAT 013810 2025-08-05 2025-07-31 c.1 415.00 2020-02-24 Books
© Grace Bible College Library 2025